LIBRARY ONLINE CATALOGUE

Physics / (Record no. 20329)

MARC details
000 -LEADER
fixed length control field 01460cam a22003377a 4500
001 - CONTROL NUMBER
control field 16548843
003 - CONTROL NUMBER IDENTIFIER
control field OSt
005 - DATE AND TIME OF LATEST TRANSACTION
control field 20231017155128.0
008 - FIXED-LENGTH DATA ELEMENTS--GENERAL INFORMATION
fixed length control field 101122s2011 nyua e 000 0 eng d
010 ## - LIBRARY OF CONGRESS CONTROL NUMBER
LC control number 2010941608
016 7# - NATIONAL BIBLIOGRAPHIC AGENCY CONTROL NUMBER
Record control number 015780358
Source Uk
020 ## - INTERNATIONAL STANDARD BOOK NUMBER
International Standard Book Number 9780071745505 (pbk.)
020 ## - INTERNATIONAL STANDARD BOOK NUMBER
International Standard Book Number 0071745505 (pbk.)
035 ## - SYSTEM CONTROL NUMBER
System control number (OCoLC)ocn692290475
040 ## - CATALOGING SOURCE
Original cataloging agency BTCTA
Language of cataloging eng
Transcribing agency BTCTA
Modifying agency YDXCP
-- DMM
-- BWX
-- UKMGB
-- QBX
-- BDX
-- DLC
042 ## - AUTHENTICATION CODE
Authentication code lccopycat
050 00 - LIBRARY OF CONGRESS CALL NUMBER
Classification number QC32
Item number .W45 2011
100 1# - MAIN ENTRY--PERSONAL NAME
Personal name Wells, Connie J.
245 10 - TITLE STATEMENT
Title Physics /
Statement of responsibility, etc. Connie J. Wells.
260 ## - PUBLICATION, DISTRIBUTION, ETC. (IMPRINT)
Place of publication, distribution, etc. New York :
Name of publisher, distributor, etc. McGraw-Hill,
Date of publication, distribution, etc. 2011.
300 ## - PHYSICAL DESCRIPTION
Extent viii, 194 p. :
490 0# - SERIES STATEMENT
Series statement Practice makes perfect
500 ## - GENERAL NOTE
General note "Beginner"--[P.] 4 of cover.
505 0# - FORMATTED CONTENTS NOTE
Formatted contents note A mathematical review -- Kinematics and motion in one dimension -- Two-dimensional motion -- Forces and Newton's laws of motion -- Work and energy -- Linear momentum -- Gravity and circular motion -- Rotational motion and torque -- Thermodynamics -- Fluids -- Oscillations, waves, and sound -- Electricity -- Magnetism -- Electromagnetic radiation and optics.
650 #0 - SUBJECT ADDED ENTRY--TOPICAL TERM
Topical term or geographic name as entry element Physics
Form subdivision Problems, exercises, etc.
650 #0 - SUBJECT ADDED ENTRY--TOPICAL TERM
Topical term or geographic name as entry element Physics
General subdivision Study and teaching.
650 #0 - SUBJECT ADDED ENTRY--TOPICAL TERM
Topical term or geographic name as entry element Physics
Form subdivision Handbooks, manuals, etc.
906 ## - LOCAL DATA ELEMENT F, LDF (RLIN)
a 7
b cbc
c copycat
d 2
e ncip
f 20
g y-gencatlg
942 ## - ADDED ENTRY ELEMENTS (KOHA)
Source of classification or shelving scheme Library of Congress Classification
Koha item type General Collection
Holdings
Withdrawn status Lost status Source of classification or shelving scheme Not for loan Home library Current library Date acquired Cost, normal purchase price Total Checkouts Full call number Barcode Date last seen Price effective from Koha item type
    Library of Congress Classification   Kabarak, Main Campus Kabarak, Main Campus 17/10/2023 4000.00   QC32 .W45 2011 c.1 34364 17/10/2023 17/10/2023 General Collection